000 00567nam a2200217Ia 4500
005 20241129111502.0
008 241129s9999||||xx |||||||||||||| ||und||
020 _a978-93-85754-79-1
037 _aTB
040 _aCRL
_beng
_cCRL
041 _aeng
_2eng
084 _aQ23A, R0
_qCRL
100 _aJain Amit Rai Au.
_939192
245 0 _aAghoris of India
_cJain Amit Rai Au.
260 _aNew Delhi, India
_bKitabwale
_c2020
300 _axi,147p.
365 _aINR
_b800
650 _aReligion
942 _cTB
_hQ23A, R0
999 _c1230674
_d1230674